Religion Quiz

Random Religion or Bible Quiz

Religion Sixes Quiz Stats

 Plays Quiz Updated Aug 11, 2018

Score 0/36 Timer 06:00
0 Plays Today
Hint Answer % Correct
Planets Named After Male GodsMars
95.3%
Planets Named After Male GodsJupiter
93.5%
Planets Named After Male GodsSaturn
92.7%
Planets Named After Male GodsMercury
91.3%
Planets Named After Male GodsUranus
90.3%
Planets Named After Male GodsNeptune
89.9%
Most Common Papal names (XIII or more Popes)John
87.6%
God's Creations on the First Six DaysSky and Sea
84.7%
God's Creations on the First Six DaysLand Animals and Mankind
83.7%
Six Countries with the Largest Population of MuslimsIran
77.1%
God's Creations on the First Six DaysDry Land and Plants
73.6%
Bible Books Starting with 'E'Exodus
72.8%
Six Countries with the Largest Population of MuslimsPakistan
70%
Six Countries with the Largest Population of MuslimsIndia
69.5%
God's Creations on the First Six DaysLight
67%
Six Countries with the Largest Population of MuslimsIndonesia
60.4%
Six Countries with the Largest Population of MuslimsEgypt
60.3%
God's Creations on the First Six DaysSea Creatures and Flying Animals
59.2%
Hint Answer % Correct
Bible Books Starting with 'E'Ezekiel
53.6%
God's Creations on the First Six DaysSun, Moon and Stars
52.4%
Most Common Papal names (XIII or more Popes)Benedict
51%
Bible Books Starting with 'E'Esther
48.7%
Bible Books Starting with 'E'Ezra
48.4%
Bible Books Starting with 'E'Ecclesiastes
47.4%
Bible Books Starting with 'E'Ephesians
40.8%
Six Countries with the Largest Population of MuslimsBangladesh
38.4%
Passover Seder Plate FoodsZ'roa (eg. shankbone)
32.8%
Most Common Papal names (XIII or more Popes)Leo
31.6%
Most Common Papal names (XIII or more Popes)Innocent
27.2%
Passover Seder Plate FoodsMaror (bitter herb)
26%
Passover Seder Plate FoodsBeitzah (hard-boiled egg)
21.4%
Most Common Papal names (XIII or more Popes)Gregory
20%
Passover Seder Plate FoodsCharoset (nuts and apples)
17.2%
Passover Seder Plate FoodsKarpas (eg. parsley)
16.1%
Most Common Papal names (XIII or more Popes)Clement
12.4%
Passover Seder Plate FoodsChazeret (eg. lettuce)
7.3%

You're not logged in!

Compare scores with friends on all Sporcle quizzes.
OR
Log In

Sporcle TV

Today on Sporcle TV


Watch our educational content, quiz creation guides, and fun videos on Sporcle TV.

Show Comments

Extras

Top Quizzes Today


Score Distribution

Your Account Isn't Verified!

In order to create a playlist on Sporcle, you need to verify the email address you used during registration. Go to your Sporcle Settings to finish the process.

Report this User

Report this user for behavior that violates our Community Guidelines.

Details: